|
|
|
|
| LEADER |
00854nam a2200241 a 4500 |
| 001 |
GR-MES5336 |
| 008 |
991111s1991 nyu 000 b eng d |
| 020 |
|
|
|a 0030330785
|
| 040 |
|
|
|a GrPaTEI
|b gre
|c GR-PaULI
|
| 245 |
0 |
0 |
|a Business research methods.
|
| 250 |
|
|
|a 3th
|
| 260 |
|
|
|a New York :
|b Dryden Press,
|c 1991
|
| 300 |
|
|
|a xi,742σ.
|
| 500 |
|
|
|a Περιλαμβάνει ευρετήριο.
|
| 650 |
|
4 |
|a ΕΜΠΟΡΙΚΕΣ ΣΥΝΑΛΛΑΓΕΣ
|
| 650 |
|
4 |
|a ΕΡΕΥΝΑ
|
| 650 |
|
4 |
|a Μάνατζμεντ
|
| 700 |
1 |
|
|a Zikmund, W.
|
| 710 |
0 |
|
|a Dryden Press
|
| 942 |
|
|
|2 ddc
|
| 952 |
|
|
|0 0
|1 0
|2 ddc
|4 0
|6 658_403000000000000_072_ZIK
|7 0
|9 275912
|a MSLG
|b MSLG
|c BSC
|d 2021-01-17
|e 24
|f 0
|g 0.00
|l 0
|o 658.403 072 ZIK
|p 2420000014683
|r 2021-01-17 00:00:00
|t 1
|w 2021-01-17
|y BK15
|x 19991111 0 1
|x GrPaTEI
|
| 971 |
|
|
|a .b25838039
|b 15-04-20
|c 14-09-16
|
| 999 |
|
|
|c 159951
|d 159951
|